BLACKPINK - Quiz Ultime - Statistiques

Statistiques générales
  • Ce quiz a été pris 131 fois
    17 depuis la dernière actualisation
  • Le résultat moyen est 32 sur 52
Statistiques - réponses
Hint Réponse % Correct
Autres Nombre de fois où elles ont participé à ce festival (en tant que groupe) 2
100%
Informations générales Année de début 2016
100%
Informations générales Année de formation 2016
100%
Informations générales Nom des fans Blink
100%
Informations générales Nom de leur agence YG Entertainment
100%
Lisa Position Danseuse principale / rappeuse / maknae
82%
Jennie Nom complet Kim Jennie
82%
Jennie Couleur Rappeuse principale / chanteuse
82%
Début Nom du premier single Boombayah
73%
Autres Membre annoncé la première Jennie
73%
Autres Membre la plus âgée Jisoo
73%
Lisa Nom de son solo LALISA
73%
Autres Membre la plus jeune Lisa
73%
Rosé Couleur Rose
73%
Autres Seule membre a avoir un nom de scène Rosé
73%
Jennie Anniversaire 16 janvier 1996
64%
Jisoo Activité professionnelle vers laquelle elle se tourne aujourd'hui Actrice
64%
Albums et EP 2022 Born Pink
64%
Jennie Signe astrologique Capricorne
64%
Jisoo Signe astrologique Capricorne
64%
Jisoo Position Chanteuse principale / visuel
64%
Jennie Nationalité Corée du Sud
64%
Jisoo Nationalité Corée du Sud
64%
Autres Titre qui a été le premier à atteindre 1 milliard de vues sur YouTube DDU-DU DDU-DU
64%
Albums et EP 2026 DEADLINE
64%
Albums et EP 2019 Kill This Love
64%
Jisoo Nom complet Kim Ji-soo
64%
Rosé Anniversaire 11 février 1997
55%
Jisoo Anniversaire 3 janvier 1995
55%
Autres Festival où elles ont été les 1ères à performé en tant que headliner Coachella
55%
Lisa Couleur Jaune
55%
Jennie Position Noir
55%
Jennie Pays où elle a grandi Nouvelle-Zélande
55%
Rosé Nationalité Nouvelle-Zélande
55%
Rosé Nom complet Roseanne Park
55%
Jisoo Couleur Rouge
55%
Jennie Nom de son solo SOLO
55%
Lisa Nationalité Thaïlande
55%
Albums et EP 2020 The Album
55%
Rosé Signe astrologique Verseau
55%
Début Nom de l'autre titre est sorti en même temps Whistle
55%
Autres En quelle année ? 2023
45%
Début Date de début 8 août 2016
45%
Lisa Signe astrologique Bélier
45%
Rosé Position Chanteuse principale / danseuse
45%
Jisoo Nom de son solo FLOWER
45%
Lisa Nom complet Pranpriya Manobal / Lalisa Manobal
45%
Début Nom du single EP où les singles de début sont sortis Square One
45%
Albums et EP 2018 Square Up
45%
Lisa Anniversaire 27 mars 1997
36%
Informations générales Concept du groupe Girl crush
27%
Rosé Nom de son solo On The Ground
27%
Aucun quiz correspondant
Distribution des résultats
% des personnes avec chaque résultat
Percentile par nombre de réponses
Votre historique - résultats
Vous n’avez pas pris ce quiz depuis la dernière actualisation